| 000 | 00000nam 2200000zi 4500 |
| 001 | 9.925098 |
| 003 | CaOODSP |
| 005 | 20240201151112 |
| 006 | m o d f |
| 007 | cr ||||||||||| |
| 008 | 230717t20232023quc ob f00| 0 fre d |
| 020 | |a9780660495170 |
| 040 | |aCaOODSP|bfre|erda|cCaOODSP |
| 043 | |an-cn-nk |
| 086 | 1 |aR64-611/2023F-PDF |
| 245 | 00|aLieux historiques nationaux du Canada de Boishébert et de la Construction Navale-à-l’Île-Beaubears : |bénoncé de gestion. |
| 264 | 1|a[Gatineau, QC] : |bParcs Canada = Parks Canada, |c2023. |
| 264 | 4|c©2023 |
| 300 | |a1 ressource en ligne (vi, 6 pages) : |bcarte |
| 336 | |atexte|btxt|2rdacontent/fre |
| 337 | |ainformatique|bc|2rdamedia/fre |
| 338 | |aressource en ligne|bcr|2rdacarrier/fre |
| 500 | |aPublié aussi en anglais sous le titre : Boishébert and Beaubears Island Shipbuilding National Historic Sites of Canada: management statement. |
| 650 | 6|aLieux historiques|zNouveau-Brunswick|xGestion. |
| 651 | 6|aLieu historique national de Boishébert (N.-B.)|xGestion. |
| 651 | 6|aLieu historique national du Chantier-naval-de-l'Île Beaubears, J. Leonard O'Brien Memorial (N.-B.)|xGestion. |
| 710 | 2 |aParcs Canada, |eorganisme de publication. |
| 775 | 08|tBoishébert and Beaubears Island Shipbuilding National Historic Sites of Canada : |w(CaOODSP)9.925095 |
| 776 | 0#|tEnoncé de gestion des lieux historiques nationaux du Canada de Boishébert et de la Construction-Navale-à-l'Île-Beaubears.|w(CaOODSP)9.925099 |
| 856 | 40|qPDF|s2.54 Mo|uhttps://publications.gc.ca/collections/collection_2024/pc/R64-611-2023-fra.pdf |
| 856 | 4 |qHTML|sS.O.|uhttps://parcs.canada.ca/lhn-nhs/nb/boishebert/info/enonce-statement |